00579 2200217 4500001002100000005001500021035002000036245007200056100001600128250000600144300003500150700001200185260004300197082001100240084001700251020001800268650002400286990001700310990001700327990001700344INLIS00000000000055720190105041929 a0010-01190000131 aPertolongan Pertama Pada Kecelakaan /cSri Lestari; Editor, Suntari0 aSri Lestari a- aiv, 60 hlm. :bilus. ;c25 cm.0 aSuntari aJakarta :bSunda Kelapa Pustaka,c2010 a616.02 a616.02 SRI p a979-3632-47-6 aPertolongan Pertama a02018/H/2018 a02019/H/2018 a02020/H/2018